Causas y responsables de las perdidas del sector financiero estatal / (Registro nro. 12086)
[ vista simple ]
| 000 -LEADER | |
|---|---|
| fixed length control field | 01439nam a2200241Ia 4500 |
| 003 - CONTROL NUMBER IDENTIFIER | |
| control field | OSt |
| 005 - DATE AND TIME OF LATEST TRANSACTION | |
| control field | 20210802144849.0 |
| 008 - FIXED-LENGTH DATA ELEMENTS--GENERAL INFORMATION | |
| fixed length control field | 210310s2000 ck ad gr 000 0 spa d |
| 040 ## - CATALOGING SOURCE | |
| Original cataloging agency | CO-JMCR |
| Transcribing agency | CO-JMCR |
| 041 0# - LANGUAGE CODE | |
| Language code of text/sound track or separate title | spa |
| 082 04 - DEWEY DECIMAL CLASSIFICATION NUMBER | |
| Classification number | 332.1224 / |
| Item number | C764c |
| Edition number | 23 |
| 110 2# - MAIN ENTRY--CORPORATE NAME | |
| Corporate name or jurisdiction name as entry element | Contraloría General de la República |
| 9 (RLIN) | 12680 |
| 245 10 - TITLE STATEMENT | |
| Title | Causas y responsables de las perdidas del sector financiero estatal / |
| Statement of responsibility, etc. | Contraloría General de la República, Comisión de la verdad, Fiscalía General de la Nación |
| 260 ## - PUBLICATION, DISTRIBUTION, ETC. | |
| Place of publication, distribution, etc. | Bogotá : |
| Name of publisher, distributor, etc. | Comisión de la verdad, |
| Date of publication, distribution, etc. | 2000. |
| 300 ## - PHYSICAL DESCRIPTION | |
| Extent | 167 páginas : |
| Other physical details | ilustraciones y gráficas a color ; |
| Dimensions | 24 cm. |
| 505 0# - FORMATTED CONTENTS NOTE | |
| Formatted contents note | El ambiente macroeconómico en los noventa: esbozo de elementos relevantes. -- Sobre la evolución del sector financiero en la década. -- La banca pública y el sistema bancario. -- La banca pública: un actor ineficaz y costoso. -- Conductas relacionadas con la corrupción administrativas. -- Conclusiones. -- Anexos. -- Avances investigaciones: fiscalía general de la nación. -- Avances investigaciones: Procuraduría general de la nación. -- Avances: contraloría general de la nación. -- Acción superintendencia bancaria. |
| 650 14 - SUBJECT ADDED ENTRY--TOPICAL TERM | |
| Topical term or geographic name entry element | Banca |
| 9 (RLIN) | 2657 |
| 650 24 - SUBJECT ADDED ENTRY--TOPICAL TERM | |
| Topical term or geographic name entry element | Sector financiero |
| 9 (RLIN) | 4643 |
| 650 24 - SUBJECT ADDED ENTRY--TOPICAL TERM | |
| Topical term or geographic name entry element | Perdidas del sector estatal |
| 9 (RLIN) | 38987 |
| 710 1# - ADDED ENTRY--CORPORATE NAME | |
| Corporate name or jurisdiction name as entry element | Comisión de la verdad |
| Relator term | autor |
| 9 (RLIN) | 38988 |
| 710 1# - ADDED ENTRY--CORPORATE NAME | |
| Corporate name or jurisdiction name as entry element | Fiscalía General de la Nación |
| Relator term | autor |
| 9 (RLIN) | 38989 |
| 942 ## - ADDED ENTRY ELEMENTS (KOHA) | |
| Source of classification or shelving scheme | Dewey Decimal Classification |
| Koha item type | Books |
| Withdrawn status | Lost status | Source of classification or shelving scheme | Damaged status | Not for loan | Home library | Current library | Shelving location | Date acquired | Source of acquisition | Full call number | Barcode | Date last seen | Copy number | Price effective from | Koha item type |
|---|---|---|---|---|---|---|---|---|---|---|---|---|---|---|---|
| Dewey Decimal Classification | Biblioteca Pública José María del Castillo y Rada | Biblioteca Pública José María del Castillo y Rada | General Stacks | 04/15/2018 | Donación | 332.1224 / C764c | 430002401 | 05/16/2024 | Ej.1 | 03/10/2021 | Books |